000 00451nam a2200181Ia 4500
005 20240823061201.0
008 240823s9999||||xx |||||||||||||| ||und||
041 _aENGLISH
082 _A612.82
100 _a"Grodzinsky,Yosef"
245 0 _aLanguage and the Brain
250 _a1st
260 _bAcademic
500 _aTRANSFERED
650 _aAudiology Speech and Language Pathology
_bAllied Health Science
942 _cBK
999 _c232913
_d232913